00530 2200217 4500001002100000008004100021035002000062245004700082260003000129300002200159020001800181084001600199082001000215650002100225990001100246990001100257990001100268990001100279990001100290990001100301INLIS000000000001003 Ind  a0010-0722000552 aSejarah Ringkas Pahlawan NasionalcWinarno aJakarta :bErlanggac2006 a122c17,5 x 25 cm a9789797813109 a959.8 WIN s a959.8 aSejarah Pahlawan aDI.441 aDI.440 aDI.442 aDI.439 aDI.437 aDI.438